Responses for Show #7066 - Monday, May 11, 2015

2015 Celebrity Jeopardy! game 1.

Contestants

[<< previous game]

Neil Flynn, a comedic actor from The Middle

Debra Messing, an Emmy Award-winning actress from Will & Grace and The Mysteries of Laura

Vince Gilligan, an executive producer, director, and writer from Breaking Bad and Better Call Saul

[next game >>]

Jeopardy! Round responses

NO MORE HALF-MEASURES
SMASH BROADWAY MUSICALS
THE MIDDLE
YOUR BASIC AMERICAN HISTORY
"EZ"
LIKE SUNDAY MORNING
    $200 1
a length

Neil
    $200 5
Wicked

Neil
    $200 3
an Oreo

Neil
    $200 15
the New Deal

Neil
    $200 10
wheeze

Debra
    $200 16
(Neil: [After Alex reads the clue] What?)
[Laughter]
(Alex: How about [*]?)
(Contestants: Oh.)
(Alex: Does that qualify? Neil, now do you understand it better?)
(Neil: Nope. Still working on it.)
[Laughter]

omelette (or omelet)

Triple Stumper
    $400 2
the rod

Vince
    $1,000 6
Fiddler on the Roof

Neil
    $400 4
Malcolm

Debra
    $400 24
[The end-of-round signal sounds.]

the Mayflower

Vince
    $400 11
tweezers

Vince
    $400 17
the sermon

Debra
    $600 13
20,000 Leagues Under the Sea

Vince
    $600 7
The Producers

Neil
    $600 14
the Boston Tea Party

Neil
    $600 12
a flea market

Triple Stumper
    $800 21
a fathom

Vince
    $800 8
Kinky Boots

Triple Stumper
    $800 23
(Vince: What is Beirut, Lebanon?)

Tehran

Vince
Triple Stumper
    $800 18
matinée

Debra
    $1000 20
(Alex: With less than a minute to go, you are right.)

stone

Vince
    $1000 9
42nd Street

Debra
    $1000 22
Grant & Lee

Neil
    $1000 19
a constitutional

Vince

Scores at the first commercial break (after clue 15):

Vince Debra Neil
$1,400 $1,600 $3,000

Scores at the end of the Jeopardy! Round:

Vince Debra Neil
$3,800 $2,800 $4,000

Double Jeopardy! Round responses

TV MOMS & DADS
THE JANITOR'S CLOSET
ACTION WORDS
THE MYSTERIES OF LAURA, STACY OR GRACE
HERE BE DRAGONS
GILLIGAN'S "I"LAND
    $400 2
Homer Simpson

Neil
    $400 13
Mr. Clean

Vince
    $400 25
(Alex: [*] is right with less than a minute to go.)

kick

Debra
    $400 7
Laura Ingalls Wilder

Vince
    $400 8
Italy

Debra
    $800 3
Tony Soprano

Neil
    $800 28
[The end-of-round signal sounds.]

a snake

Neil
    $800 18
slap

Neil
    $800 9
Laura Ashley

Vince
    $800 17
Game of Thrones

Vince
    $800 24
Iceland

Debra
    $1200 4
(Debra: Uh! I had it.)

About a Boy

Debra
Triple Stumper
    $1200 16
a mop

Vince
    $1200 19
punch

Neil
    $5,000 26
Princess Grace (Grace Kelly)

Debra
    $1200 12
Ireland

Vince
    $1600 5
Jon Voight

Neil
    $1600 15
Ajax

Neil
    $1600 20
jump

Debra
    $1600 27
Stacy Keibler

Triple Stumper
    $10,600 22
Saint George

Vince
    $1600 11
the Ivory Coast

Neil
    $2000 6
The Carol Burnett Show

Debra
    $2000 14
Clorox

Neil
    $2000 21
fly

Vince
    $2000 1
Stacy London

Triple Stumper
    $2000 23
Sir Gawain

Vince
    $2000 10
Indonesia

Triple Stumper

Scores at the end of the Double Jeopardy! Round:

Vince Debra Neil
$23,200 $11,800 $14,800

[wagering suggestions for these scores]

Final Jeopardy! Round responses

THE OSCARS
(Alex: [To Debra] Francis Ford [*] and his daughter, Sofia.)
...
(Alex: [To Vince] No, he picked John Huston and Anjelica.)
DebraWhat is Coppola?
$10,000
NeilWhat is Coppola?
$14,800
VinceWhat is Huston
$8,300
Coppola

Final scores:

Vince Debra Neil
$14,900 $21,800 $29,600
3rd place: $14,900 the Boys & Girls Clubs of Metro Richmond 2nd place: $21,800 to Population Services International Winner: $50,000 to Children's Miracle Network

Game dynamics:

Coryat scores:

Vince Debra Neil
$14,200 $8,000 $14,200
16 R
(including 1 DD),
1 W
11 R
(including 1 DD),
1 W
17 R
(including 1 DD),
0 W

Combined Coryat: $36,400

[game clues] [game scores] [suggest correction]

Game tape date: Unknown
The J! Archive is created by fans, for fans. Scraping, republication, monetization, and malicious use prohibited; this site may use cookies and collect identifying information. See terms. The Jeopardy! game show and all elements thereof, including but not limited to copyright and trademark thereto, are the property of Jeopardy Productions, Inc. and are protected under law. This website is not affiliated with, sponsored by, or operated by Jeopardy Productions, Inc. Join the discussion at JBoard.tv.